[Event "c14"]
[Site "?"]
[Date "2020.08.27"]
[Round "11.9"]
[White "Kazmierowski, Tymon"]
[Black "Malinowski, Szymon"]
[Result "0-1"]
[BlackElo "1663"]
[WhiteElo "1408"]
[LiveChessVersion "1.4.8"]

1. d4 {[%clk 0:03:03]} d5 {[%clk 0:03:04]} 2. c4 {[%clk 0:03:03]} e6
{[%clk 0:03:05]} 3. Nf3 {[%clk 0:03:04]} Nf6 {[%clk 0:03:06]} 4. g3
{[%clk 0:03:05]} Be7 {[%clk 0:03:00]} 5. Bg2 {[%clk 0:03:06]} O-O
{[%clk 0:02:59]} 6. O-O {[%clk 0:03:05]} c6 {[%clk 0:02:55]} 7. Nc3
{[%clk 0:03:04]} Nbd7 {[%clk 0:02:49]} 8. Qd3 {[%clk 0:03:01]} Bd6
{[%clk 0:01:43]} 9. e4 {[%clk 0:02:53]} dxe4 {[%clk 0:01:42]} 10. Nxe4
{[%clk 0:02:54]} Nxe4 {[%clk 0:01:43]} 11. Qxe4 {[%clk 0:02:55]} Nf6
{[%clk 0:01:43]} 12. Qc2 {[%clk 0:02:46]} b6 {[%clk 0:01:33]} 13. Ne5
{[%clk 0:02:46]} Bb7 {[%clk 0:01:11]} 14. Bg5 {[%clk 0:02:15]} Qc7
{[%clk 0:00:38]} 15. Bxf6 {[%clk 0:01:58]} gxf6 {[%clk 0:00:38]} 16. Ng4
{[%clk 0:01:59]} f5 {[%clk 0:00:37]} 17. Ne3 {[%clk 0:01:41]} Kh8
{[%clk 0:00:24]} 18. Rfe1 {[%clk 0:01:33]} Rg8 {[%clk 0:00:24]} 19. Qc3
{[%clk 0:01:20]} h6 {[%clk 0:00:09]} 20. Nc2 {[%clk 0:01:17]} Kh7
{[%clk 0:00:09]} 21. Qd3 {[%clk 0:01:15]} Kh8 {[%clk 0:00:07]} 22. b4
{[%clk 0:01:12]} Rad8 {[%clk 0:00:07]} 23. Qc3 {[%clk 0:01:12]} Kh7
{[%clk 0:00:08]} 24. c5 {[%clk 0:01:08]} bxc5 {[%clk 0:00:07]} 25. dxc5
{[%clk 0:01:09]} Bf8 {[%clk 0:00:06]} 26. Rad1 {[%clk 0:01:09]} Bg7
{[%clk 0:00:07]} 27. Qb3 {[%clk 0:01:05]} Ba6 {[%clk 0:00:07]} 28. Ne3
{[%clk 0:01:04]} Qb7 {[%clk 0:00:05]} 29. Nc4 {[%clk 0:00:59]} Bxc4
{[%clk 0:00:05]} 30. Qxc4 {[%clk 0:01:00]} Qb5 {[%clk 0:00:06]} 31. Qxb5
{[%clk 0:00:53]} cxb5 {[%clk 0:00:07]} 32. Bc6 {[%clk 0:00:33]} Bc3
{[%clk 0:00:06]} 33. a3 {[%clk 0:00:26]} Bxe1 {[%clk 0:00:06]} 34. Rxe1
{[%clk 0:00:27]} a6 {[%clk 0:00:08]} 35. Bb7 {[%clk 0:00:27]} Rd3
{[%clk 0:00:06]} 36. c6 {[%clk 0:00:25]} Rc3 {[%clk 0:00:06]} 37. Rd1
{[%clk 0:00:24]} Rb8 {[%clk 0:00:04]} 38. Rd7 {[%clk 0:00:24]} Kg6
{[%clk 0:00:05]} 39. Rd6 {[%clk 0:00:17]} Kf6 {[%clk 0:00:05]} 40. Bxa6
{[%clk 0:00:16]} Ra8 {[%clk 0:00:04]} 41. Bxb5 {[%clk 0:00:09]} Raxa3
{[%clk 0:00:04]} 42. Rd7 {[%clk 0:00:09]} Rab3 {[%clk 0:00:04]} 43. c7
{[%clk 0:00:09]} Rxb4 {[%clk 0:00:03]} 44. Ba6 {[%clk 0:00:10]} Rbc4
{[%clk 0:00:04]} 45. Kg2 {[%clk 0:00:09]} Rxc7 {[%clk 0:00:04]} 46. Rd6
{[%clk 0:00:09]} R7c6 {[%clk 0:00:05]} 47. Rxc6 {[%clk 0:00:09]} Rxc6
{[%clk 0:00:06]} 48. Bd3 {[%clk 0:00:10]} Rc3 {[%clk 0:00:07]} 49. Be2
{[%clk 0:00:11]} Kg5 {[%clk 0:00:08]} 50. Bf3 {[%clk 0:00:12]} e5
{[%clk 0:00:09]} 51. Be2 {[%clk 0:00:14]} f6 {[%clk 0:00:10]} 52. h4+
{[%clk 0:00:14]} Kg6 {[%clk 0:00:11]} 53. Bd1 {[%clk 0:00:15]} h5
{[%clk 0:00:12]} 54. Be2 {[%clk 0:00:17]} f4 {[%clk 0:00:13]} 55. gxf4
{[%clk 0:00:16]} exf4 {[%clk 0:00:13]} 56. Bf3 {[%clk 0:00:17]} Rxf3
{[%clk 0:00:06]} 57. Kxf3 {[%clk 0:00:18]} Kf5 {[%clk 0:00:07]} 58. Kg2
{[%clk 0:00:17]} Kg4 {[%clk 0:00:09]} 59. f3+ {[%clk 0:00:18]} Kxh4
{[%clk 0:00:09]} 60. Kh2 {[%clk 0:00:19]} Kg5 {[%clk 0:00:10]} 61. Kh3
{[%clk 0:00:21]} Kf5 {[%clk 0:00:10]} 62. Kh4 {[%clk 0:00:22]} Ke5
{[%clk 0:00:11]} 63. Kxh5 {[%clk 0:00:10]} Kd4 {[%clk 0:00:13]} 64. Kh4
{[%clk 0:00:05]} Ke3 {[%clk 0:00:13]} 65. Kg4 {[%clk 0:00:06]} f5+ 0-1

[Event "c14"]
[Site "?"]
[Date "2020.08.27"]
[Round "11.10"]
[White "Jarocki, Gabriel"]
[Black "Wilk, Igor"]
[Result "0-1"]
[BlackElo "1483"]
[WhiteElo "1555"]
[LiveChessVersion "1.4.8"]

1. e4 {[%clk 0:03:03]} e5 {[%clk 0:03:01]} 2. Nf3 {[%clk 0:03:05]} Nc6
{[%clk 0:03:05]} 3. Bb5 {[%clk 0:03:06]} a6 {[%clk 0:03:06]} 4. Bxc6
{[%clk 0:03:06]} dxc6 {[%clk 0:03:07]} 5. O-O {[%clk 0:03:06]} Nf6
{[%clk 0:03:04]} 6. Nc3 {[%clk 0:03:03]} Bd6 {[%clk 0:03:05]} 7. h3
{[%clk 0:03:03]} O-O {[%clk 0:03:04]} 8. d3 {[%clk 0:03:02]} h6 {[%clk 0:02:56]}
9. Be3 {[%clk 0:03:01]} Qe7 {[%clk 0:02:50]} 10. Nd2 {[%clk 0:02:58]} Bc5
{[%clk 0:02:37]} 11. Nc4 {[%clk 0:02:54]} b5 {[%clk 0:02:19]} 12. Bxc5
{[%clk 0:02:52]} Qxc5 {[%clk 0:02:15]} 13. Ne3 {[%clk 0:02:53]} Qe7
{[%clk 0:02:00]} 14. Ne2 {[%clk 0:02:48]} c5 {[%clk 0:01:53]} 15. Kh1
{[%clk 0:02:40]} Rd8 {[%clk 0:01:48]} 16. Qe1 {[%clk 0:02:37]} Be6
{[%clk 0:01:41]} 17. f4 {[%clk 0:02:35]} exf4 {[%clk 0:01:39]} 18. Nxf4
{[%clk 0:02:35]} c6 {[%clk 0:01:33]} 19. Nxe6 {[%clk 0:02:25]} fxe6
{[%clk 0:01:27]} 0-1

[Event "c14"]
[Site "?"]
[Date "2020.08.27"]
[Round "11.11"]
[White "Rog, Bartlomiej"]
[Black "Malek, Jan"]
[Result "0-1"]
[BlackElo "1703"]
[WhiteElo "1470"]
[LiveChessVersion "1.4.8"]

1. g4 d5 2. Bg2 Bxg4 3. c4 e6 4. Qb3 Nd7 5. cxd5 Ngf6 6. dxe6 Bxe6 7. Qxb7 Rb8 8.
Qxa7 Bc5 9. Qa4 Bxf2+ 10. Kxf2 Ng4+ 11. Kg3 Qg5 12. Nh3 Qc5 13. d4 Qb6 14. Nc3 h5
15. d5 h4+ 16. Kf4 Qd6+ 17. Ke4 Rb4+ 18. Qxb4 Qxb4+ 19. Kd3 Nge5+ 20. Kc2 Bf5+
21. e4 Bg6 22. Bf4 Qc4 23. b3 Qd3+ 24. Kb2 O-O 25. Rad1 Qa6 26. Bxe5 Nxe5 27. Nf4
Ra8 28. Nxg6 Qa3+ 29. Kb1 fxg6 30. Rd4 Rb8 31. Ra4 Rxb3+ 32. axb3 Qxb3+ 33. Ka1
Qxc3+ 34. Ka2 Qc2+ 35. Ka3 Qc3+ 36. Ka2 Qc2+ 37. Ka3 Qxg2 38. Rc1 Qf3+ 39. Ka2
Qe2+ 40. Ka3 Qd3+ 41. Kb2 Qd2+ 42. Rc2 Nd3+ 43. Kb3 Qe3 44. Rc3 Nc5+ 45. Kc4
Qxe4+ 46. Kxc5 Qxa4 47. Rc4 Qa5+ 48. Kd4 h3 49. Ke5 Qd2 50. Re4 Qxh2+ 51. Ke6
Qd6# 0-1

[Event "c14"]
[Site "?"]
[Date "2020.08.27"]
[Round "12.1"]
[White "Paprocki, Antoni"]
[Black "Chyzy, Jakub"]
[Result "1/2-1/2"]
[BlackElo "2005"]
[WhiteElo "1878"]
[LiveChessVersion "1.4.8"]

1. d4 {[%clk 0:03:03]} Nf6 {[%clk 0:03:04]} 2. c4 d6 3. Nf3 {[%clk 0:03:05]} Nbd7
{[%clk 0:03:07]} 4. g3 {[%clk 0:03:06]} e5 {[%clk 0:03:09]} 5. Bg2
{[%clk 0:03:07]} Be7 {[%clk 0:03:10]} 6. O-O {[%clk 0:03:05]} O-O
{[%clk 0:03:11]} 7. Nc3 {[%clk 0:03:07]} c6 {[%clk 0:03:10]} 8. Qc2
{[%clk 0:03:06]} Qc7 {[%clk 0:03:03]} 9. Rd1 {[%clk 0:03:06]} Re8
{[%clk 0:03:03]} 10. b3 {[%clk 0:03:04]} Nf8 {[%clk 0:02:57]} 11. Bb2
{[%clk 0:02:57]} Ne6 {[%clk 0:02:43]} 12. dxe5 {[%clk 0:02:38]} dxe5
{[%clk 0:02:44]} 13. Ne4 {[%clk 0:02:28]} Nxe4 {[%clk 0:02:42]} 14. Qxe4
{[%clk 0:02:29]} f6 {[%clk 0:02:39]} 15. Rac1 {[%clk 0:02:24]} a5
{[%clk 0:02:38]} 16. Nd2 {[%clk 0:01:59]} Nc5 {[%clk 0:02:33]} 17. Qc2
{[%clk 0:02:01]} Be6 {[%clk 0:02:21]} 18. Ne4 {[%clk 0:01:57]} Nxe4
{[%clk 0:02:07]} 19. Bxe4 {[%clk 0:01:57]} g6 {[%clk 0:02:09]} 20. Bxg6
{[%clk 0:01:45]} hxg6 {[%clk 0:02:08]} 21. Qxg6+ {[%clk 0:01:44]} Kh8
{[%clk 0:01:52]} 22. Qh6+ {[%clk 0:01:45]} Kg8 {[%clk 0:01:53]} 23. Qg6+
{[%clk 0:01:47]} Kh8 {[%clk 0:01:53]} 24. Qh6+ {[%clk 0:01:33]} 1/2-1/2

[Event "c14"]
[Site "?"]
[Date "2020.08.27"]
[Round "12.2"]
[White "Fiszer, Bartosz"]
[Black "Matela, Krzysztof"]
[Result "1-0"]
[BlackElo "1692"]
[WhiteElo "1905"]
[LiveChessVersion "1.4.8"]

1. a3 {[%clk 0:03:02]} g6 {[%clk 0:03:02]} 2. e4 {[%clk 0:03:02]} Bg7
{[%clk 0:03:04]} 3. Nf3 {[%clk 0:03:03]} e5 {[%clk 0:03:04]} 4. Bc4
{[%clk 0:03:02]} Nc6 {[%clk 0:03:00]} 5. O-O {[%clk 0:03:02]} Nf6
{[%clk 0:03:01]} 6. d4 {[%clk 0:03:00]} exd4 {[%clk 0:03:00]} 7. e5
{[%clk 0:02:59]} Ng4 {[%clk 0:02:39]} 8. Bxf7+ {[%clk 0:02:52]} Kxf7
{[%clk 0:02:38]} 9. Ng5+ {[%clk 0:02:52]} Kg8 {[%clk 0:02:37]} 10. Qxg4
{[%clk 0:02:50]} h6 {[%clk 0:01:43]} 11. Nf3 {[%clk 0:02:42]} Kh7
{[%clk 0:01:43]} 12. Bf4 {[%clk 0:02:23]} d6 {[%clk 0:01:25]} 13. e6
{[%clk 0:02:09]} Ne5 {[%clk 0:01:25]} 14. Bxe5 {[%clk 0:02:02]} dxe5
{[%clk 0:01:26]} 15. Re1 {[%clk 0:02:03]} Qd6 {[%clk 0:01:24]} 16. Qg3
{[%clk 0:01:51]} Bxe6 {[%clk 0:01:15]} 17. Nxe5 {[%clk 0:01:49]} Bf5
{[%clk 0:01:06]} 18. Nd2 {[%clk 0:01:18]} Rhe8 {[%clk 0:00:46]} 19. Nd3
{[%clk 0:01:09]} Qxg3 {[%clk 0:00:44]} 20. hxg3 {[%clk 0:01:09]} b6
{[%clk 0:00:42]} 21. b3 {[%clk 0:00:46]} c5 {[%clk 0:00:35]} 22. Nc4
{[%clk 0:00:33]} Re6 {[%clk 0:00:23]} 23. a4 {[%clk 0:00:15]} Rae8
{[%clk 0:00:23]} 24. Kf1 {[%clk 0:00:15]} Kg8 {[%clk 0:00:21]} 25. Rxe6
{[%clk 0:00:14]} Rxe6 {[%clk 0:00:22]} 26. Re1 {[%clk 0:00:11]} Kf7
{[%clk 0:00:17]} 27. a5 {[%clk 0:00:09]} Rxe1+ {[%clk 0:00:12]} 28. Kxe1
{[%clk 0:00:09]} b5 {[%clk 0:00:13]} 29. Nd6+ {[%clk 0:00:08]} Ke6
{[%clk 0:00:11]} 30. Nxf5 {[%clk 0:00:07]} gxf5 {[%clk 0:00:10]} 31. Nxc5+
{[%clk 0:00:07]} Kd5 {[%clk 0:00:11]} 32. Nd3 {[%clk 0:00:08]} Bf8
{[%clk 0:00:11]} 33. Ke2 {[%clk 0:00:08]} Bd6 {[%clk 0:00:12]} 34. Kf3
{[%clk 0:00:07]} a6 {[%clk 0:00:13]} 35. g4 {[%clk 0:00:08]} fxg4+
{[%clk 0:00:13]} 36. Kxg4 {[%clk 0:00:08]} Ke4 {[%clk 0:00:12]} 37. Kh5
{[%clk 0:00:08]} Bc7 {[%clk 0:00:11]} 38. b4 {[%clk 0:00:09]} Kf5
{[%clk 0:00:05]} 39. Kxh6 {[%clk 0:00:09]} Bd6 {[%clk 0:00:05]} 40. f3
{[%clk 0:00:09]} Bf8+ {[%clk 0:00:06]} 41. Kh5 {[%clk 0:00:10]} Be7
{[%clk 0:00:08]} 42. g4+ {[%clk 0:00:11]} Kf6 {[%clk 0:00:09]} 43. f4
{[%clk 0:00:12]} Kg7 {[%clk 0:00:10]} 44. g5 {[%clk 0:00:12]} Bd6
{[%clk 0:00:11]} 45. f5 {[%clk 0:00:14]} Bc7 {[%clk 0:00:12]} 46. f6+
{[%clk 0:00:15]} Kf7 {[%clk 0:00:14]} 47. Kg4 {[%clk 0:00:16]} Kg6
{[%clk 0:00:14]} 48. Nf4+ {[%clk 0:00:16]} Kf7 {[%clk 0:00:15]} 49. Kf5
{[%clk 0:00:17]} Bd6 {[%clk 0:00:15]} 50. Nd3 {[%clk 0:00:18]} Bc7
{[%clk 0:00:16]} 51. g6+ {[%clk 0:00:19]} Kf8 {[%clk 0:00:17]} 52. Ke6
{[%clk 0:00:20]} Ke8 {[%clk 0:00:17]} 53. g7 {[%clk 0:00:21]} Bd6
{[%clk 0:00:16]} 54. g8=Q+ {[%clk 0:00:19]} Bf8 {[%clk 0:00:17]} 55. f7+ Kd8 56.
Qxf8+ Kc7 57. Qe7+ {[%clk 0:00:19]} Kc6 {[%clk 0:00:22]} 58. Qd7#
{[%clk 0:00:19]} 1-0

[Event "c14"]
[Site "?"]
[Date "2020.08.27"]
[Round "12.3"]
[White "Karolczuk, Iwo"]
[Black "Jedraszek, Pawel"]
[Result "1/2-1/2"]
[BlackElo "1490"]
[WhiteElo "2044"]
[LiveChessVersion "1.4.8"]

1. Nf3 {[%clk 0:03:02]} Nf6 {[%clk 0:03:04]} 2. d4 {[%clk 0:03:03]} g6
{[%clk 0:03:05]} 3. c3 {[%clk 0:03:04]} Bg7 {[%clk 0:03:06]} 4. Bf4
{[%clk 0:03:05]} d6 {[%clk 0:03:06]} 5. h3 {[%clk 0:03:05]} O-O {[%clk 0:03:06]}
6. e3 {[%clk 0:03:06]} Nbd7 {[%clk 0:03:08]} 7. Be2 {[%clk 0:03:07]} Qe8
{[%clk 0:03:08]} 8. O-O {[%clk 0:03:07]} e5 {[%clk 0:03:09]} 9. Bh2
{[%clk 0:03:08]} c6 {[%clk 0:03:09]} 10. dxe5 {[%clk 0:02:42]} dxe5
{[%clk 0:03:10]} 11. Qd6 {[%clk 0:02:43]} Ne4 {[%clk 0:03:00]} 12. Qb4
{[%clk 0:02:31]} Nec5 {[%clk 0:02:50]} 13. Nbd2 {[%clk 0:02:24]} a5
{[%clk 0:02:51]} 14. Qa3 {[%clk 0:02:25]} Qe7 {[%clk 0:02:20]} 15. b4
{[%clk 0:02:16]} Na6 {[%clk 0:02:16]} 16. Rab1 {[%clk 0:02:11]} axb4
{[%clk 0:02:17]} 17. cxb4 {[%clk 0:02:12]} Nc7 {[%clk 0:02:12]} 18. Qb3
{[%clk 0:02:10]} Nb6 {[%clk 0:01:56]} 19. Nc4 {[%clk 0:01:50]} Be6
{[%clk 0:01:55]} 20. Qc2 {[%clk 0:01:50]} Nxc4 {[%clk 0:01:52]} 21. Bxc4
{[%clk 0:01:50]} Bxc4 {[%clk 0:01:52]} 22. Qxc4 {[%clk 0:01:50]} Nb5
{[%clk 0:01:44]} 1/2-1/2

[Event "c14"]
[Site "?"]
[Date "2020.08.27"]
[Round "12.4"]
[White "Myrmus, Mateusz"]
[Black "Demski, Michal"]
[Result "0-1"]
[BlackElo "1773"]
[WhiteElo "1434"]
[LiveChessVersion "1.4.8"]

1. e4 {[%clk 0:03:03]} d6 {[%clk 0:03:02]} 2. d4 {[%clk 0:03:04]} Nf6
{[%clk 0:03:03]} 3. Nc3 {[%clk 0:03:04]} Nbd7 {[%clk 0:03:04]} 4. Be3
{[%clk 0:03:04]} e5 {[%clk 0:03:05]} 5. d5 {[%clk 0:03:03]} Be7 {[%clk 0:03:05]}
6. f3 {[%clk 0:03:04]} O-O {[%clk 0:02:54]} 7. Qd2 {[%clk 0:03:04]} a6
{[%clk 0:02:54]} 8. h4 {[%clk 0:03:00]} h5 {[%clk 0:02:35]} 9. O-O-O
{[%clk 0:02:58]} b5 {[%clk 0:02:37]} 10. Be2 {[%clk 0:02:51]} Nb6
{[%clk 0:02:37]} 11. Nh3 {[%clk 0:02:45]} b4 {[%clk 0:02:29]} 12. Nb1
{[%clk 0:02:44]} Bxh3 {[%clk 0:01:58]} 13. gxh3 {[%clk 0:02:42]} Kh7
{[%clk 0:01:52]} 14. Rhg1 {[%clk 0:02:36]} g6 {[%clk 0:01:39]} 15. Bg5
{[%clk 0:02:30]} Qd7 {[%clk 0:01:35]} 16. b3 {[%clk 0:01:52]} a5 {[%clk 0:01:36]}
17. Bxf6 {[%clk 0:01:39]} Bxf6 {[%clk 0:01:37]} 18. f4 {[%clk 0:01:40]} exf4
{[%clk 0:01:33]} 19. Qxf4 {[%clk 0:01:33]} Bg7 {[%clk 0:01:26]} 20. Bxh5
{[%clk 0:00:43]} Bh6 {[%clk 0:01:08]} 21. Rg5 {[%clk 0:00:44]} Bxg5
{[%clk 0:00:30]} 22. Qxg5 {[%clk 0:00:43]} Qd8 {[%clk 0:00:27]} 23. Qg4
{[%clk 0:00:17]} Qf6 {[%clk 0:00:26]} 24. Rg1 {[%clk 0:00:13]} gxh5
{[%clk 0:00:14]} 25. Qxh5+ {[%clk 0:00:11]} Qh6+ {[%clk 0:00:15]} 0-1

[Event "c14"]
[Site "?"]
[Date "2020.08.27"]
[Round "12.5"]
[White "Wilk, Igor"]
[Black "Klimkowski, Jan"]
[Result "0-1"]
[BlackElo "1902"]
[WhiteElo "1483"]
[LiveChessVersion "1.4.8"]

1. e4 c5 2. Nf3 d6 3. Bb5+ Nd7 4. c3 a6 5. Ba4 b5 6. Bc2 e6 7. O-O c4 8. b3 Ngf6
9. Qe2 Qc7 10. bxc4 Qxc4 11. d3 Qc7 12. d4 Be7 13. Bb2 e5 14. Rc1 O-O 15. Nbd2
Bb7 16. Nb3 Rac8 17. Bd3 Nb6 18. dxe5 dxe5 19. Nbd2 Na4 20. Nb3 Nxb2 21. Qxb2
Rfd8 22. Qe2 Qd6 23. Rd1 Qe6 24. Rac1 Rd7 25. Ng5 Qb6 26. Qe3 Qxe3 27. fxe3 Rcd8
28. Be2 Rxd1+ 29. Rxd1 Rxd1+ 30. Bxd1 Nxe4 31. Bf3 Bxg5 0-1

[Event "c14"]
[Site "?"]
[Date "2020.08.27"]
[Round "12.6"]
[White "Meers, Hubert"]
[Black "Malinowski, Szymon"]
[Result "1/2-1/2"]
[BlackElo "1663"]
[WhiteElo "1759"]
[LiveChessVersion "1.4.8"]

1. e4 {[%clk 0:03:03]} c6 {[%clk 0:03:03]} 2. d4 {[%clk 0:03:04]} d5
{[%clk 0:03:05]} 3. Nd2 {[%clk 0:03:05]} dxe4 {[%clk 0:03:05]} 4. Nxe4
{[%clk 0:03:06]} Bf5 {[%clk 0:03:06]} 5. Ng3 {[%clk 0:03:07]} Bg6
{[%clk 0:03:07]} 6. h4 {[%clk 0:03:09]} h6 {[%clk 0:03:07]} 7. Nf3
{[%clk 0:03:10]} Nf6 {[%clk 0:03:08]} 8. Ne5 {[%clk 0:03:05]} Bh7
{[%clk 0:03:08]} 9. Bc4 {[%clk 0:02:56]} e6 {[%clk 0:03:08]} 10. c3
{[%clk 0:02:48]} Bd6 {[%clk 0:03:07]} 11. Bf4 {[%clk 0:02:42]} Nd5
{[%clk 0:02:49]} 12. Bxd5 {[%clk 0:02:42]} cxd5 {[%clk 0:02:46]} 13. Qg4
{[%clk 0:02:32]} Rg8 {[%clk 0:02:37]} 14. Qh5 {[%clk 0:01:43]} Bxe5
{[%clk 0:02:33]} 15. Bxe5 {[%clk 0:01:42]} Nc6 {[%clk 0:02:33]} 16. Bxg7
{[%clk 0:00:53]} Qb6 {[%clk 0:01:16]} 17. Qxh6 {[%clk 0:00:25]} Qxb2
{[%clk 0:01:10]} 18. O-O {[%clk 0:00:25]} Bg6 {[%clk 0:01:06]} 19. h5
{[%clk 0:00:16]} Bd3 {[%clk 0:00:57]} 20. Rfc1 {[%clk 0:00:16]} O-O-O
{[%clk 0:00:54]} 21. Bf6 {[%clk 0:00:16]} Rde8 {[%clk 0:00:41]} 22. Qf4
{[%clk 0:00:16]} Ne7 {[%clk 0:00:25]} 23. Bxe7 {[%clk 0:00:13]} Rxe7
{[%clk 0:00:26]} 24. Qe3 {[%clk 0:00:11]} Bc4 {[%clk 0:00:20]} 25. h6
{[%clk 0:00:10]} Qa3 {[%clk 0:00:18]} 26. Qe5 {[%clk 0:00:07]} Ree8
{[%clk 0:00:13]} 27. Rab1 {[%clk 0:00:05]} Qe7 {[%clk 0:00:11]} 28. Qf4
{[%clk 0:00:03]} Rg6 {[%clk 0:00:09]} 29. Rb4 {[%clk 0:00:04]} Qf6
{[%clk 0:00:08]} 30. Qxf6 {[%clk 0:00:05]} Rxf6 {[%clk 0:00:09]} 31. Rcb1
{[%clk 0:00:06]} b6 {[%clk 0:00:09]} 32. h7 {[%clk 0:00:07]} Rh6 {[%clk 0:00:10]}
33. f3 {[%clk 0:00:08]} Rxh7 {[%clk 0:00:11]} 34. Kf2 {[%clk 0:00:09]} Rg8
{[%clk 0:00:12]} 35. Nf1 {[%clk 0:00:06]} Rhg7 {[%clk 0:00:12]} 36. Ne3
{[%clk 0:00:07]} Bd3 {[%clk 0:00:08]} 37. Rd1 {[%clk 0:00:07]} Bf5
{[%clk 0:00:05]} 38. Rd2 {[%clk 0:00:08]} Bh7 {[%clk 0:00:06]} 39. Rbb2
{[%clk 0:00:09]} Kc7 {[%clk 0:00:06]} 40. a4 {[%clk 0:00:10]} Kc6
{[%clk 0:00:07]} 41. Kf1 {[%clk 0:00:06]} f5 {[%clk 0:00:05]} 42. c4
{[%clk 0:00:07]} f4 {[%clk 0:00:05]} 43. cxd5+ {[%clk 0:00:08]} exd5
{[%clk 0:00:06]} 44. Ng4 {[%clk 0:00:09]} Bf5 {[%clk 0:00:06]} 45. Ne5+
{[%clk 0:00:10]} Kd6 {[%clk 0:00:07]} 46. Re2 {[%clk 0:00:04]} Re7
{[%clk 0:00:04]} 47. Rb3 {[%clk 0:00:04]} Rc8 {[%clk 0:00:04]} 48. Kf2
{[%clk 0:00:05]} Rcc7 {[%clk 0:00:03]} 49. Rbb2 {[%clk 0:00:04]} Rc1
{[%clk 0:00:04]} 50. a5 {[%clk 0:00:05]} bxa5 {[%clk 0:00:04]} 51. Rb8
{[%clk 0:00:06]} Rec7 {[%clk 0:00:04]} 52. Rd8+ {[%clk 0:00:07]} Bd7
{[%clk 0:00:05]} 53. Nf7+ {[%clk 0:00:04]} Kc6 {[%clk 0:00:06]} 54. Ne5+
{[%clk 0:00:06]} Kd6 {[%clk 0:00:07]} 55. Nf7+ {[%clk 0:00:06]} Kc6
{[%clk 0:00:08]} 56. Ne5+ {[%clk 0:00:04]} Kd6 {[%clk 0:00:09]} 1/2-1/2

[Event "c14"]
[Site "?"]
[Date "2020.08.27"]
[Round "12.7"]
[White "Starosciak, Szymon"]
[Black "Wojdak, Jan"]
[Result "1-0"]
[BlackElo "1772"]
[WhiteElo "1525"]
[LiveChessVersion "1.4.8"]

1. d4 d5 2. c4 e6 3. Nc3 a6 4. cxd5 exd5 5. Nf3 Nf6 6. Bg5 Be6 7. e3 Nbd7 8. Bd3
h6 9. Bh4 g5 10. Bg3 Nh5 11. Qb3 Nxg3 12. hxg3 Nb6 13. O-O-O Bg7 14. Kb1 Qd7 15.
Nd2 O-O-O 16. Qc2 Kb8 17. f3 Nc4 18. Bxc4 dxc4 19. Nde4 Bf5 20. g4 Bg6 21. Qe2
Qc6 22. Ka1 b5 23. Nc5 Bf8 24. N3e4 Bxe4 25. Nxe4 a5 26. Nxg5 Qd5 27. Ne4 a4 28.
Qd2 b4 29. Rh5 Qb7 30. Nc5 Bxc5 31. Rxc5 c3 32. bxc3 b3 33. axb3 axb3 34. Kb2 Rd6
35. Ra1 c6 36. Rca5 Qb6 37. Ra8+ 1-0

[Event "c14"]
[Site "?"]
[Date "2020.08.27"]
[Round "12.8"]
[White "Herwy, Jakub"]
[Black "Kolodziejski, Piotr"]
[Result "1/2-1/2"]
[BlackElo "1564"]
[WhiteElo "1741"]
[LiveChessVersion "1.4.8"]

1. e4 {[%clk 0:03:03]} c6 {[%clk 0:03:03]} 2. Nc3 {[%clk 0:03:04]} d5
{[%clk 0:03:03]} 3. Nf3 {[%clk 0:03:05]} dxe4 {[%clk 0:03:04]} 4. Nxe4
{[%clk 0:03:06]} Bg4 {[%clk 0:03:04]} 5. Bc4 {[%clk 0:02:59]} e6 {[%clk 0:03:04]}
6. h3 {[%clk 0:03:00]} Bxf3 {[%clk 0:03:04]} 7. Qxf3 {[%clk 0:03:00]} Nd7
{[%clk 0:02:59]} 8. d4 {[%clk 0:02:56]} Be7 {[%clk 0:02:57]} 9. O-O
{[%clk 0:02:56]} Ngf6 {[%clk 0:02:58]} 10. c3 {[%clk 0:02:48]} Nxe4
{[%clk 0:02:58]} 11. Qxe4 {[%clk 0:02:48]} Nf6 {[%clk 0:02:59]} 12. Qc2
{[%clk 0:02:49]} O-O {[%clk 0:02:55]} 13. a4 {[%clk 0:02:48]} a5 {[%clk 0:02:55]}
14. Bg5 {[%clk 0:02:42]} h6 {[%clk 0:02:54]} 15. Bxf6 {[%clk 0:02:42]} Bxf6
{[%clk 0:02:54]} 16. Rad1 {[%clk 0:02:39]} Qc7 {[%clk 0:02:55]} 17. Rfe1
{[%clk 0:02:39]} Rad8 {[%clk 0:02:55]} 18. Ba2 {[%clk 0:02:39]} Rfe8
{[%clk 0:02:53]} 19. Bb1 {[%clk 0:02:39]} g6 {[%clk 0:02:51]} 20. g3
{[%clk 0:02:34]} e5 {[%clk 0:02:41]} 21. dxe5 {[%clk 0:02:34]} Rxd1
{[%clk 0:02:39]} 22. Qxd1 {[%clk 0:02:28]} Rxe5 {[%clk 0:02:36]} 23. Rxe5
{[%clk 0:02:28]} Qxe5 {[%clk 0:02:32]} 24. h4 {[%clk 0:02:22]} h5
{[%clk 0:02:25]} 25. Qd2 1/2-1/2

[Event "c14"]
[Site "?"]
[Date "2020.08.27"]
[Round "12.9"]
[White "Malek, Jan"]
[Black "Bogusz, Alan"]
[Result "1/2-1/2"]
[BlackElo "1429"]
[WhiteElo "1703"]
[LiveChessVersion "1.4.8"]

1. e4 {[%clk 0:03:02]} c5 {[%clk 0:03:04]} 2. c3 {[%clk 0:03:03]} d5
{[%clk 0:03:05]} 3. exd5 {[%clk 0:03:04]} Qxd5 {[%clk 0:03:06]} 4. d4
{[%clk 0:03:04]} Nc6 {[%clk 0:03:04]} 5. Nf3 {[%clk 0:03:04]} Bg4
{[%clk 0:03:05]} 6. Be2 {[%clk 0:03:04]} e6 {[%clk 0:03:03]} 7. Be3
{[%clk 0:03:05]} cxd4 {[%clk 0:03:02]} 8. cxd4 {[%clk 0:03:05]} Nf6
{[%clk 0:03:00]} 9. Nc3 {[%clk 0:03:06]} Qd7 {[%clk 0:03:00]} 10. Ne5
{[%clk 0:02:55]} Nxe5 {[%clk 0:02:37]} 11. dxe5 {[%clk 0:02:56]} Bxe2
{[%clk 0:01:45]} 12. Qxe2 {[%clk 0:02:31]} Nd5 {[%clk 0:01:44]} 13. Rd1
{[%clk 0:02:26]} Bb4 {[%clk 0:01:44]} 14. O-O {[%clk 0:02:25]} Bxc3
{[%clk 0:01:34]} 15. bxc3 {[%clk 0:02:20]} Nxc3 {[%clk 0:01:30]} 16. Qc2
{[%clk 0:02:20]} Nxd1 {[%clk 0:01:30]} 17. Rxd1 {[%clk 0:02:21]} Qc6
{[%clk 0:01:11]} 18. Qc5 {[%clk 0:02:15]} Qxc5 {[%clk 0:00:56]} 19. Bxc5
{[%clk 0:02:16]} Rd8 {[%clk 0:00:55]} 20. Rb1 {[%clk 0:02:07]} b6
{[%clk 0:00:40]} 21. Bd6 {[%clk 0:02:06]} Kd7 {[%clk 0:00:41]} 22. Rd1
{[%clk 0:02:07]} Ke8 {[%clk 0:00:26]} 23. Rc1 {[%clk 0:02:06]} f6
{[%clk 0:00:23]} 24. Rc7 {[%clk 0:01:56]} Rd7 {[%clk 0:00:23]} 25. Rc8+
{[%clk 0:01:55]} Rd8 {[%clk 0:00:24]} 26. Rc7 {[%clk 0:01:56]} Rd7
{[%clk 0:00:22]} 27. Rc8+ {[%clk 0:01:56]} Rd8 {[%clk 0:00:23]} 28. Rc7
{[%clk 0:01:57]} Rd7 {[%clk 0:00:24]} 1/2-1/2